000 00340 a2200157 4500
001 162683
020 _a85-86295-14-0
040 _cMagnum
100 _aGuedes, Hardy
240 1 0 _aO bom amigo curupira
_lpor
245 1 0 _aO bom amigo curupira
300 _a24
362 0 _a1999
697 _aLITERATURA INFANTO-JUVENIL
942 _cBK
999 _c162683
_d162683